[Event "XI MFSz PERLA BALTYKU"]
[Site "Lazy"]
[Date "2015.07.01"]
[Round "4.10"]
[White "Mazalon, Mariusz"]
[Black "Mielczarski, Miroslaw"]
[Result "1-0"]
[WhiteElo "2058"]
[BlackElo "2191"]
[PlyCount "95"]
[EventDate "2015.??.??"]

1. d4 d5 2. c4 c6 3. Nf3 Nf6 4. Qc2 dxc4 5. Qxc4 Bf5 6. Nc3 e6 7. g3 Nbd7 8.
Bg2 Be7 9. O-O O-O 10. Bg5 h6 11. Bxf6 Nxf6 12. Ne5 Nd7 13. Nxd7 Qxd7 14. a4 a5
15. Rfd1 Bg4 16. h3 Bh5 17. Rd2 Bb4 18. e4 Rfd8 19. f4 f6 20. Kh2 b5 21. Qb3
bxa4 22. Qxa4 e5 23. fxe5 fxe5 24. d5 Rac8 25. Rd3 c5 26. Qxd7 Rxd7 27. Bf3 c4
28. Re3 Bxf3 29. Rxf3 Rb7 30. Nd1 Rb5 31. Rc1 a4 32. Kg2 a3 33. bxa3 Ba5 34. a4
Rb6 35. Nc3 Rb2+ 36. Rf2 Rb4 37. Rfc2 Kf7 38. h4 Bb6 39. Nb5 Ke7 40. Na3 Rxa4
41. Rxc4 Rcxc4 42. Nxc4 Ra2+ 43. Kh3 Bd4 44. h5 Re2 45. Rb1 Rxe4 46. Rb7+ Kf6
47. Nd6 Re1 48. Rf7+ 1-0

[Event "XI MFSz PERLA BALTYKU"]
[Site "Lazy"]
[Date "2015.07.01"]
[Round "4.11"]
[White "Lewtak, Dominik"]
[Black "Sliwicki, Damian"]
[Result "0-1"]
[WhiteElo "2153"]
[BlackElo "2100"]
[PlyCount "114"]
[EventDate "2015.??.??"]

1. e4 e5 2. Nf3 Nf6 3. Nxe5 d6 4. Nf3 Nxe4 5. d4 d5 6. Bd3 Nc6 7. O-O Be7 8.
Re1 Bg4 9. Be3 O-O 10. c4 Nb4 11. Be2 dxc4 12. Bxc4 Ng5 13. Bxg5 Bxg5 14. Qb3
Bxf3 15. Qxb4 Bc6 16. Nc3 b6 17. Rad1 Bb7 18. Qb5 a6 19. Qf5 g6 20. Qg4 h5 21.
Qg3 Kg7 22. Ne4 Bxe4 23. Rxe4 Bf6 24. Qf3 Qd7 25. Rf4 Qd6 26. h3 b5 27. Bb3
Rae8 28. Rc1 Qe7 29. Rc3 b4 30. Rd3 Qd6 31. Re4 Rxe4 32. Qxe4 Rd8 33. Bc4 a5
34. Qf3 Rd7 35. Bb5 Re7 36. Qd1 Re4 37. b3 Bxd4 38. Qf1 Qc5 39. Rd2 Rf4 40. Bc4
Rf6 41. Qe1 Bc3 42. Qe2 Bxd2 43. Qxd2 Qd6 44. Qe3 Qf4 45. Qc5 Qf5 46. Qd4 Qb1+
47. Bf1 Qc1 48. g3 Qc3 49. Qa7 Qe5 50. Qa8 Qf5 51. Qg2 Qf3 52. Qh2 Rd6 53. h4
Rd2 54. Qg2 Qxg2+ 55. Kxg2 Rxa2 56. Bc4 Rc2 57. Bd5 c6 0-1

[Event "XI MFSz PERLA BALTYKU"]
[Site "Lazy"]
[Date "2015.07.01"]
[Round "4.12"]
[White "Woloch, Oskar"]
[Black "Miturova, Magdalena"]
[Result "1-0"]
[WhiteElo "2092"]
[BlackElo "2149"]
[PlyCount "129"]
[EventDate "2015.??.??"]

1. d4 Nf6 2. Nf3 e6 3. Bg5 d5 4. c3 Nbd7 5. Nbd2 h6 6. Bh4 Be7 7. e3 b6 8. Be2
Bb7 9. O-O O-O 10. Bxf6 Bxf6 11. Qc2 e5 12. dxe5 Nxe5 13. Rfd1 Qe7 14. Nxe5
Bxe5 15. Nf3 Bd6 16. Nd4 Qe5 17. g3 g6 18. Bf3 Qf6 19. Bg2 c6 20. c4 dxc4 21.
Qxc4 Be5 22. Rac1 Bxd4 23. Rxd4 Rad8 24. Rcd1 Rxd4 25. Qxd4 Qxd4 26. Rxd4 c5
27. Rd7 Bxg2 28. Kxg2 Ra8 29. Kf3 Kf8 30. Ke4 Ke8 31. Rd6 Ke7 32. Kd5 h5 33. e4
h4 34. g4 Rc8 35. e5 c4 36. Kd4 g5 37. a4 Rc5 38. Rd5 Rc6 39. h3 Ke6 40. Rd8
Rc5 41. Re8+ Kd7 42. Rg8 Ra5 43. Rxg5 Rxa4 44. Rh5 Rb4 45. Rxh4 Rxb2 46. Kxc4
Rxf2 47. Rh6 Rc2+ 48. Kd5 Rc5+ 49. Kd4 Ra5 50. g5 Ke7 51. h4 Ra1 52. e6 Rd1+
53. Ke5 Re1+ 54. Kf5 fxe6+ 55. Kg6 e5 56. Rh7+ Ke6 57. Rxa7 e4 58. h5 Rc1 59.
h6 Rc8 60. h7 b5 61. Rb7 e3 62. Rxb5 e2 63. Rb1 Ke5 64. Re1 Rc6+ 65. Kh5 1-0

[Event "XI MFSz PERLA BALTYKU"]
[Site "Lazy"]
[Date "2015.07.01"]
[Round "4.13"]
[White "Pilzak, Marcin"]
[Black "Karwowski, Kacper"]
[Result "1/2-1/2"]
[WhiteElo "2145"]
[BlackElo "2003"]
[PlyCount "61"]
[EventDate "2015.??.??"]

1. e4 c5 2. Nf3 d6 3. d4 Nf6 4. Nc3 cxd4 5. Nxd4 a6 6. Be2 e5 7. Nb3 Be7 8. O-O
O-O 9. Be3 Qc7 10. Bg5 Be6 11. Bxf6 Bxf6 12. Nd5 Bxd5 13. Qxd5 Nc6 14. Rfd1
Rfd8 15. Qd2 Rac8 16. Bg4 Rb8 17. g3 Qb6 18. h4 Nd4 19. Qe3 Qc6 20. Rac1 d5 21.
exd5 Rxd5 22. c3 Nxb3 23. axb3 Rbd8 24. Rxd5 Qxd5 25. Rd1 Qb5 26. Rxd8+ Bxd8
27. Be2 Qxb3 28. Qxe5 Qe6 29. Qb8 Qe7 30. h5 a5 31. Bf3 1/2-1/2

[Event "XI MFSz PERLA BALTYKU"]
[Site "Lazy"]
[Date "2015.07.01"]
[Round "4.14"]
[White "Smieszek, Wojciech"]
[Black "Chylewski, Patryk"]
[Result "0-1"]
[WhiteElo "2035"]
[BlackElo "2131"]
[PlyCount "78"]
[EventDate "2015.??.??"]

1. e4 c5 2. Nf3 e6 3. d4 cxd4 4. Nxd4 Nc6 5. Nc3 Qc7 6. Be3 a6 7. Bd3 Nf6 8.
O-O Ne5 9. h3 d6 10. f4 Nc4 11. Bxc4 Qxc4 12. Qf3 Be7 13. e5 Nd5 14. Nxd5 Qxd5
15. Qg3 Qe4 16. Rf3 O-O 17. Raf1 b5 18. f5 Bh4 19. Qf4 Qxf4 20. Bxf4 dxe5 21.
Bxe5 Bb7 22. Rc3 Bd5 23. Rf4 Be1 24. Rg4 f6 25. Rc7 Rf7 26. fxe6 Rxc7 27. Bxc7
h5 28. Rf4 Bd2 29. Rf1 Be3+ 30. Kh1 Bxd4 31. Rd1 Bxa2 32. e7 Re8 33. Rxd4 Rxe7
34. Bf4 Bc4 35. b3 Bf7 36. Bd2 Rc7 37. Ba5 Rxc2 38. Rd6 Bxb3 39. Rxa6 Bd5 0-1

[Event "XI MFSz PERLA BALTYKU"]
[Site "Lazy"]
[Date "2015.07.01"]
[Round "4.15"]
[White "Szustakowski, Antoni"]
[Black "Nowak, Kamil"]
[Result "0-1"]
[WhiteElo "1983"]
[BlackElo "2123"]
[PlyCount "104"]
[EventDate "2015.??.??"]

1. Nf3 Nf6 2. c4 e6 3. Nc3 c5 4. g3 b6 5. Bg2 Bb7 6. O-O Be7 7. Re1 d5 8. cxd5
Nxd5 9. e4 Nxc3 10. bxc3 O-O 11. d4 cxd4 12. cxd4 Nd7 13. Bf4 Rc8 14. e5 Bb4
15. Bd2 Bc3 16. Bxc3 Rxc3 17. Re3 Rxe3 18. fxe3 Qa8 19. Rc1 Rc8 20. Rxc8+ Qxc8
21. Ng5 Qc3 22. Qe2 Ba6 23. Qxa6 Qxe3+ 24. Kf1 Qxg5 25. Qxa7 Qc1+ 26. Ke2 Qc2+
27. Ke3 Qc3+ 28. Ke2 Qxd4 29. Qa8+ Nf8 30. Qb8 g6 31. h3 Kg7 32. Qd6 Qb2+ 33.
Kf3 Qxa2 34. Qxb6 Qd5+ 35. Kf2 Qxe5 36. Qb3 Nd7 37. Bf3 Nf6 38. Qd3 Nd5 39. Qb3
h5 40. h4 Ne7 41. Be2 Nf5 42. Bf1 Qd4+ 43. Ke2 Nh6 44. Qf3 Qb2+ 45. Ke1 Ng4 46.
Bh3 Qe5+ 47. Kd2 Nf6 48. Bg2 Nd5 49. Bf1 Qd4+ 50. Ke2 Nc3+ 51. Ke1 Qe4+ 52.
Qxe4 Nxe4 0-1

[Event "XI MFSz PERLA BALTYKU"]
[Site "Lazy"]
[Date "2015.07.01"]
[Round "4.16"]
[White "Nowak, Lukasz"]
[Black "Chomczyk, Marek"]
[Result "0-1"]
[WhiteElo "2116"]
[BlackElo "2090"]
[PlyCount "94"]
[EventDate "2015.??.??"]

1. e4 e5 2. Nf3 Nc6 3. Bb5 a6 4. Ba4 Nf6 5. O-O Be7 6. Re1 b5 7. Bb3 d6 8. a4
b4 9. d4 Bg4 10. dxe5 Nxe5 11. Nbd2 O-O 12. h3 Bh5 13. g4 Nxf3+ 14. Qxf3 Bg6
15. Nf1 h5 16. Ng3 hxg4 17. hxg4 Nd7 18. Nf5 Bg5 19. Qg3 Nc5 20. Bxg5 Qxg5 21.
f4 Qf6 22. g5 Qd8 23. Bd5 c6 24. Bxc6 Rc8 25. Bd5 Re8 26. Qf2 b3 27. Qd4 Bxf5
28. exf5 Rxe1+ 29. Rxe1 bxc2 30. Rc1 Qd7 31. Rxc2 Qxf5 32. Re2 Nd3 33. Bg2 Nxf4
34. Rf2 Qb1+ 35. Kh2 Qh7+ 36. Kg3 Nxg2 37. Kxg2 Rc5 38. Qxd6 Rxg5+ 39. Kf1 Qh1+
40. Ke2 Qe4+ 41. Kf1 Qb1+ 42. Ke2 Qxb2+ 43. Kf1 Qa1+ 44. Ke2 Qe5+ 45. Qxe5
Rxe5+ 46. Kd3 g5 47. Kd4 Ra5 0-1

[Event "XI MFSz PERLA BALTYKU"]
[Site "Lazy"]
[Date "2015.07.01"]
[Round "4.17"]
[White "Fraczek, Daniel"]
[Black "Kubicka, Anna"]
[Result "1/2-1/2"]
[WhiteElo "2411"]
[BlackElo "2014"]
[PlyCount "98"]
[EventDate "2015.??.??"]

1. g3 Nf6 2. Bg2 d6 3. d4 Nbd7 4. Nf3 e5 5. c4 Be7 6. Nc3 c6 7. e4 O-O 8. O-O
a6 9. h3 Re8 10. Re1 Bf8 11. d5 c5 12. a3 g6 13. Bg5 Bg7 14. b4 Qc7 15. Nd2 Rf8
16. Bf1 b6 17. Nb3 Rb8 18. Rb1 Kh8 19. bxc5 bxc5 20. Bd2 Ng8 21. Na4 f5 22. Ba5
Qa7 23. Nd2 Rxb1 24. Qxb1 Bh6 25. exf5 gxf5 26. Qb2 Bg7 27. Bc3 Ngf6 28. Kh2
Qc7 29. Bg2 Qd8 30. f4 Re8 31. fxe5 Nxe5 32. Bxe5 Rxe5 33. Rxe5 Nd7 34. Nf3
dxe5 35. Qf2 Qa5 36. Ng5 f4 37. Qc2 fxg3+ 38. Kxg3 Nf6 39. Kh2 Qc7 40. Ne4 Nxe4
41. Qxe4 Bh6 42. Nb2 Bf4+ 43. Kg1 Qb8 44. Nd3 Qb1+ 45. Kf2 Qc2+ 46. Kf1 Qb1+
47. Kf2 Qc2+ 48. Kf1 Qb1+ 49. Ke2 Qc2+ 1/2-1/2

[Event "XI MFSz PERLA BALTYKU"]
[Site "Lazy"]
[Date "2015.07.01"]
[Round "4.18"]
[White "Kicinski, Jacek"]
[Black "Baumann, Dariusz"]
[Result "1/2-1/2"]
[WhiteElo "2006"]
[BlackElo "2108"]
[PlyCount "107"]
[EventDate "2015.??.??"]

1. e4 e6 2. d4 d5 3. Nd2 Nf6 4. Bd3 c5 5. c3 Nc6 6. Ngf3 Qb6 7. exd5 Nxd5 8.
dxc5 Bxc5 9. Ne4 Be7 10. O-O h6 11. a3 f5 12. Ng3 Qd8 13. c4 Nf6 14. b3 O-O 15.
Bb2 a5 16. Qc2 Bc5 17. Rad1 Qe7 18. Qc1 b6 19. Rfe1 Qf7 20. Re2 Ra7 21. Bb1 Rd7
22. Red2 Rfd8 23. h3 Rxd2 24. Rxd2 Rxd2 25. Qxd2 Qe7 26. a4 Kf7 27. Ne1 Qd7 28.
Qxd7+ Bxd7 29. Nf3 Bd6 30. Nf1 e5 31. Ne3 g6 32. Nd5 Nxd5 33. cxd5 Nb4 34.
Nxe5+ Bxe5 35. Bxe5 Nxd5 36. Bd3 Be6 37. Bd4 Nf4 38. Bb5 Bxb3 39. Bxb6 Ne6 40.
Bxa5 Nc5 41. Bd2 Nxa4 42. Bxh6 Nc3 43. Bd3 Bd5 44. f3 Be6 45. Kf2 Nd5 46. Bd2
Kf6 47. f4 Bd7 48. Bc4 Bc6 49. Kg3 Kg7 50. Kh4 Kh6 51. Bd3 Nf6 52. g4 Ne4 53.
Bxe4 Bxe4 54. gxf5 1/2-1/2

[Event "XI MFSz PERLA BALTYKU"]
[Site "Lazy"]
[Date "2015.07.01"]
[Round "4.19"]
[White "Kaczmarska, Joanna"]
[Black "Sciborowski, Miroslaw"]
[Result "1-0"]
[WhiteElo "1876"]
[BlackElo "2029"]
[PlyCount "55"]
[EventDate "2015.??.??"]

1. d4 Nf6 2. c4 g6 3. Nc3 Bg7 4. e4 d6 5. f4 c5 6. d5 e6 7. Nf3 exd5 8. cxd5
O-O 9. Bd3 a6 10. a4 Re8 11. O-O Bg4 12. h3 Bxf3 13. Qxf3 Qc7 14. Bc4 Nbd7 15.
a5 b5 16. axb6 Qxb6 17. Qd3 Re7 18. Rd1 Nb8 19. Be3 Ne8 20. e5 dxe5 21. d6 Rd7
22. Qe4 Raa7 23. Na4 Qd8 24. fxe5 Bxe5 25. Qxe5 Nxd6 26. Rxd6 Rxd6 27. Bh6 Rf6
28. Re1 1-0

[Event "XI MFSz PERLA BALTYKU"]
[Site "Lazy"]
[Date "2015.07.01"]
[Round "4.20"]
[White "Januszkiewicz, Wojciech"]
[Black "Wacior, Maciej"]
[Result "1-0"]
[WhiteElo "2025"]
[BlackElo "1921"]
[PlyCount "65"]
[EventDate "2015.??.??"]

1. e4 d6 2. d4 Nd7 3. Nc3 g6 4. Be3 Bg7 5. Qd2 c6 6. a4 a5 7. Bd3 Ngf6 8. Nge2
Qc7 9. f3 e5 10. g4 O-O 11. h4 h5 12. g5 Ne8 13. f4 exd4 14. Nxd4 Bxd4 15. Bxd4
Ng7 16. O-O-O Nc5 17. f5 b6 18. Qf4 Nxd3+ 19. Rxd3 Ba6 20. Bxg7 Kxg7 21. Rxd6
Rac8 22. fxg6 Qe7 23. Qd2 Rcd8 24. Qd4+ Kg8 25. gxf7+ Kxf7 26. Rf6+ Ke8 27.
Qxb6 Bb7 28. Rhf1 Rxf6 29. gxf6 Qf7 30. e5 Bc8 31. Qxc6+ Bd7 32. Qb6 Be6 33.
Ne4 1-0

[Event "XI MFSz PERLA BALTYKU"]
[Site "Lazy"]
[Date "2015.07.01"]
[Round "4.21"]
[White "Kowalski, Igor"]
[Black "Kokoszczynski, Jan"]
[Result "1-0"]
[WhiteElo "2106"]
[BlackElo "1988"]
[PlyCount "97"]
[EventDate "2015.??.??"]

1. c4 e5 2. Nc3 Nc6 3. g3 f5 4. Bg2 Nf6 5. d3 d6 6. Rb1 g6 7. e3 Bg7 8. Nge2
O-O 9. b4 Ne7 10. O-O Qe8 11. a4 g5 12. Nb5 Qd8 13. f4 gxf4 14. exf4 Re8 15.
fxe5 dxe5 16. a5 a6 17. Nbc3 h6 18. Na4 Nc6 19. h3 e4 20. d4 Qe7 21. Qe1 Rd8
22. Be3 Bd7 23. Nc5 b6 24. Nxd7 Qxd7 25. axb6 cxb6 26. b5 Na5 27. Qc1 Rac8 28.
Bxh6 Nxc4 29. Qg5 Nd6 30. bxa6 Rb8 31. Nf4 Re8 32. Rfc1 b5 33. Bxg7 Qxg7 34.
Qxg7+ Kxg7 35. Rc6 Nc4 36. Ne6+ Kg6 37. Nc7 Rec8 38. a7 Ra8 39. Nxa8 Rxc6 40.
Nc7 Nb6 41. a8=Q Nxa8 42. Nxa8 Rd6 43. Nc7 Rxd4 44. Ne6 Rd2 45. Nf4+ Kg5 46.
Rxb5 Ra2 47. Rb7 Ne8 48. Re7 Ra8 49. Re6 1-0

[Event "XI MFSz PERLA BALTYKU"]
[Site "Lazy"]
[Date "2015.07.01"]
[Round "4.22"]
[White "Szewczak, Andrzej"]
[Black "Antolak, Julia"]
[Result "0-1"]
[WhiteElo "1887"]
[BlackElo "1987"]
[PlyCount "114"]
[EventDate "2015.??.??"]

1. e4 c5 2. Nc3 e6 3. g3 d5 4. d3 Nc6 5. Bg2 dxe4 6. dxe4 Qxd1+ 7. Nxd1 Nd4 8.
Ne3 Bd7 9. c3 Nc6 10. f4 Be7 11. e5 f6 12. exf6 gxf6 13. Nf3 Nh6 14. Bd2 Nf7
15. O-O-O O-O-O 16. Nc4 e5 17. Rhe1 Be6 18. b3 b5 19. Nb2 Kc7 20. Re2 b4 21. c4
Bg4 22. Rf1 Nd6 23. fxe5 fxe5 24. h3 Bxf3 25. Bxf3 Rhf8 26. Be3 Nf5 27. Bxc6
Kxc6 28. Kb1 Nxg3 29. Rxf8 Rxf8 30. Re1 e4 31. Nd1 Nf5 32. Bg1 Nd6 33. Ne3 Rf3
34. Nd5 Bh4 35. Rd1 Rxh3 36. Be3 Nf5 37. Bf4 e3 38. Nxe3 Nxe3 39. Rd6+ Kb7 40.
Rd7+ Kc8 41. Rc7+ Kd8 42. Rxc5 Rh1+ 43. Kb2 Bf6+ 44. Be5 Bxe5+ 45. Rxe5 Rh3 46.
Ra5 h5 47. Rxa7 h4 48. a4 bxa3+ 49. Kxa3 Nxc4+ 50. Kb4 Nd2 51. Rh7 Rxb3+ 52.
Kc5 h3 53. Kd5 Re3 54. Kd6 Ne4+ 55. Ke5 Ng5+ 56. Kf4 Nxh7 57. Kxe3 h2 0-1

[Event "XI MFSz PERLA BALTYKU"]
[Site "Lazy"]
[Date "2015.07.01"]
[Round "4.23"]
[White "Laszczak, Przemyslaw"]
[Black "Przerwa, Waldemar"]
[Result "0-1"]
[WhiteElo "1821"]
[BlackElo "1763"]
[PlyCount "48"]
[EventDate "2015.??.??"]

1. d4 d5 2. c4 c6 3. Nc3 Nf6 4. Nf3 e6 5. e3 Bd6 6. Qc2 Nbd7 7. b3 O-O 8. Be2
dxc4 9. bxc4 e5 10. d5 cxd5 11. cxd5 Bb4 12. Bc4 Qc7 13. Nd2 Bxc3 14. Qxc3 Nxd5
15. Qb3 Nc5 16. Qd1 Be6 17. O-O Rfd8 18. Qe2 Nc3 19. Qf3 Bxc4 20. Nxc4 e4 21.
Qg4 Nd3 22. Nb2 Ne5 23. Qh3 Ne2+ 24. Kh1 Qc2 0-1

[Event "XI MFSz PERLA BALTYKU"]
[Site "Lazy"]
[Date "2015.07.01"]
[Round "4.24"]
[White "Filewicz, Przemyslaw"]
[Black "Sliwicka, Alicja"]
[Result "0-1"]
[WhiteElo "2052"]
[BlackElo "2015"]
[PlyCount "94"]
[EventDate "2015.??.??"]

1. d4 d5 2. c4 dxc4 3. Nc3 a6 4. g3 Nf6 5. Bg2 c6 6. e4 e6 7. a4 Bb4 8. Nge2
Nbd7 9. O-O O-O 10. Qc2 Qe7 11. f4 Rd8 12. e5 Ne8 13. a5 f5 14. Ra4 b5 15. axb6
Nxb6 16. Bxc6 Nxa4 17. Bxa8 Nb6 18. Bf3 Bb7 19. Bxb7 Qxb7 20. g4 g6 21. h3 Nc7
22. Be3 Ncd5 23. Bf2 Rc8 24. Kh2 Rf8 25. Nxd5 Qxd5 26. Bh4 Qc6 27. gxf5 exf5
28. Nc3 a5 29. Qe2 Kf7 30. Re1 Re8 31. Rc1 Rc8 32. Qf2 Bxc3 33. Rxc3 Nd5 34.
Rc2 Nb4 35. Re2 Re8 36. Bg5 Nd3 37. Qh4 h5 38. Bd8 Re6 39. Qg3 Qd5 40. Bf6 Qxd4
41. Bg5 Nc5 42. Bh6 Qd3 43. Qf2 Rb6 44. Rd2 Ne4 45. Rxd3 Nxf2 46. Rd2 Nd3 47.
Kg3 Rxb2 0-1

[Event "XI MFSz PERLA BALTYKU"]
[Site "Lazy"]
[Date "2015.07.02"]
[Round "5.1"]
[White "Tomczak, Jacek"]
[Black "Stupak, Kirill"]
[Result "1-0"]
[WhiteElo "2579"]
[BlackElo "2552"]
[PlyCount "113"]
[EventDate "2015.??.??"]

1. e4 e6 2. d4 d5 3. Nc3 dxe4 4. Nxe4 Nd7 5. Nf3 Ngf6 6. Nxf6+ Nxf6 7. c3 Be7
8. Bd3 O-O 9. Qe2 b6 10. Bf4 Bb7 11. O-O-O Nh5 12. Be3 Nf6 13. Bf4 Nh5 14. Be3
Nf6 15. Ng5 Bd6 16. Bc2 Re8 17. f3 h6 18. Nh3 Nd5 19. Bd2 Qf6 20. Qe4 Qf5 21.
Qh4 Qf6 22. Qe4 Qf5 23. Qxf5 exf5 24. Bxf5 Ne3 25. Bxe3 Rxe3 26. Kd2 Re7 27.
Rde1 Rxe1 28. Kxe1 Re8+ 29. Kd2 g6 30. Bd3 f5 31. Ng1 Bd5 32. b3 Bf4+ 33. Kd1
Re3 34. Ba6 h5 35. Ne2 Bh6 36. Kc2 h4 37. h3 Kf7 38. Nc1 Kf6 39. Be2 Kg5 40.
Bd3 Re7 41. Ne2 Kf6 42. Rd1 Be3 43. c4 Bb7 44. Kc3 g5 45. d5 c6 46. dxc6 Bxc6
47. Nd4 Bxd4+ 48. Kxd4 g4 49. fxg4 Rd7+ 50. Ke3 Bxg2 51. Rg1 Re7+ 52. Kf4 Be4
53. g5+ Kg6 54. Re1 Rf7 55. Bxe4 fxe4+ 56. Kg4 Re7 57. Kxh4 1-0

[Event "XI MFSz PERLA BALTYKU"]
[Site "Lazy"]
[Date "2015.07.02"]
[Round "5.2"]
[White "Lewtak, Damian"]
[Black "Mozharov, Mikhail"]
[Result "0-1"]
[WhiteElo "2325"]
[BlackElo "2564"]
[PlyCount "48"]
[EventDate "2015.??.??"]

1. d4 g6 2. c4 Bg7 3. Nf3 d6 4. e4 e5 5. d5 Nf6 6. Nc3 O-O 7. h3 Na6 8. Bd3 Nd7
9. g4 Nac5 10. Bc2 a5 11. Be3 Nb6 12. Qe2 c6 13. g5 cxd5 14. exd5 e4 15. Nxe4
Nxe4 16. Bxe4 Na4 17. Rb1 Re8 18. Bd3 f5 19. gxf6 Qxf6 20. c5 Nxc5 21. Bb5 Bf5
22. Bxe8 Rxe8 23. Rd1 Be4 24. Bxc5 Qxf3 0-1

[Event "XI MFSz PERLA BALTYKU"]
[Site "Lazy"]
[Date "2015.07.02"]
[Round "5.3"]
[White "Shishkin, Vadim"]
[Black "Stremavicius, Titas"]
[Result "1/2-1/2"]
[WhiteElo "2507"]
[BlackElo "2442"]
[PlyCount "82"]
[EventDate "2015.??.??"]

1. d4 d5 2. c4 e6 3. Nc3 Nf6 4. cxd5 exd5 5. Bg5 c6 6. e3 Be7 7. Bd3 Nbd7 8.
Qc2 Nh5 9. Bxe7 Qxe7 10. Nge2 g6 11. O-O Ng7 12. Rae1 O-O 13. Nc1 f5 14. f3 Qd6
15. Nb3 Nf6 16. e4 fxe4 17. fxe4 dxe4 18. Bc4+ Kh8 19. Nxe4 Nxe4 20. Rxf8+ Qxf8
21. Qxe4 Bd7 22. Qe7 Re8 23. Qxf8+ Rxf8 24. Re7 Bc8 25. g4 Re8 26. Rc7 Bxg4 27.
Rxb7 Nf5 28. Bd3 Re3 29. Nc5 Nxd4 30. Rxa7 Ne6 31. Nxe6 Bxe6 32. Bf1 Re4 33. a4
Bc4 34. Bxc4 Rxc4 35. a5 Rc1+ 36. Kf2 Rc2+ 37. Ke3 Rxb2 38. a6 Ra2 39. Kd4 Ra5
40. Kc4 g5 41. Kb4 Rb5+ 1/2-1/2

[Event "XI MFSz PERLA BALTYKU"]
[Site "Lazy"]
[Date "2015.07.02"]
[Round "5.4"]
[White "Krainski, Aleksander"]
[Black "Snihur, Piotr"]
[Result "0-1"]
[WhiteElo "2165"]
[BlackElo "2124"]
[PlyCount "78"]
[EventDate "2015.??.??"]

1. Nf3 Nf6 2. g3 d5 3. Bg2 g6 4. O-O Bg7 5. d4 O-O 6. c4 c6 7. Qb3 Qb6 8. Nc3
Bf5 9. cxd5 Qxb3 10. axb3 cxd5 11. Ne5 Be6 12. Bg5 Rd8 13. Rfc1 h6 14. Bxf6
Bxf6 15. e4 Bxe5 16. exd5 Bxd4 17. dxe6 Nc6 18. exf7+ Kxf7 19. Bxc6 bxc6 20.
Ra4 Rab8 21. b4 Bb6 22. Rc2 Rd4 23. Kg2 Rbd8 24. Re2 Rc4 25. Na2 Rd3 26. Ra3
Rxa3 27. bxa3 e5 28. Rd2 e4 29. Kf1 Ke6 30. Ke2 Ke5 31. Kd1 Rd4 32. Rxd4 Bxd4
33. Kd2 Bxf2 34. Nc3 Kd4 35. Ne2+ Kc4 36. Kc2 Bd4 37. h4 h5 38. Nf4 Bf2 39. Ne2
e3 0-1

[Event "XI MFSz PERLA BALTYKU"]
[Site "Lazy"]
[Date "2015.07.02"]
[Round "5.5"]
[White "Karpus, Michal"]
[Black "Rudolf, Michal"]
[Result "0-1"]
[WhiteElo "2114"]
[BlackElo "2322"]
[PlyCount "108"]
[EventDate "2015.??.??"]

1. e4 Nf6 2. e5 Nd5 3. d4 d6 4. c4 Nb6 5. exd6 exd6 6. Nf3 Bg4 7. h3 Bxf3 8.
Qxf3 Nc6 9. Be3 g6 10. Nc3 Bg7 11. c5 dxc5 12. dxc5 Nd7 13. Rd1 Bxc3+ 14. bxc3
Qf6 15. Qe4+ Qe7 16. Qc4 O-O-O 17. Rb1 Rhe8 18. Qb5 Nxc5 19. Be2 Rd5 20. O-O a6
21. Qb2 Nd8 22. Bf3 Ne4 23. c4 Rd7 24. c5 Qe6 25. Rfc1 Qc6 26. Rc4 f5 27. Rb4
Rd3 28. Qc2 Ra3 29. Qb2 Rd3 30. Be2 Rxe3 31. fxe3 Qxc5 32. Rxb7 Nxb7 33. Bxa6
Qxe3+ 34. Kh2 Ned6 35. Bxb7+ Kd7 36. Qc2 Qf4+ 37. g3 Qc4 38. Qxc4 Nxc4 39. Ba6
Nd6 40. Bd3 Ra8 41. Rb2 Ra3 42. Rd2 c5 43. Bc4 Ke7 44. Bd5 Ne4 45. Bxe4 fxe4
46. Re2 Ra4 47. Rc2 Kd6 48. Kg2 Ra3 49. Kf2 Kd5 50. Rd2+ Rd3 51. Ke2 c4 52. a4
Rxd2+ 53. Kxd2 Kc5 54. Ke3 c3 0-1

[Event "XI MFSz PERLA BALTYKU"]
[Site "Lazy"]
[Date "2015.07.02"]
[Round "5.6"]
[White "Zebracki, Tomasz"]
[Black "Niekras, Dawid"]
[Result "1/2-1/2"]
[WhiteElo "2114"]
[BlackElo "2276"]
[PlyCount "93"]
[EventDate "2015.??.??"]

1. e4 c5 2. Nf3 g6 3. c4 Nc6 4. d4 cxd4 5. Nxd4 Nf6 6. Nc3 d6 7. Be2 Nxd4 8.
Qxd4 Bg7 9. O-O O-O 10. Bd2 Be6 11. Qe3 Qb6 12. Rac1 Rfc8 13. b3 Nd7 14. Nd5
Qxe3 15. Bxe3 Kf8 16. Nf4 Nc5 17. Nxe6+ fxe6 18. Bf3 Be5 19. Bg4 Nxe4 20. Bf3
d5 21. Bxe4 dxe4 22. Rfd1 a5 23. Rd7 Rc7 24. Rcd1 Ke8 25. Rxc7 Bxc7 26. a4 Rd8
27. Rxd8+ Kxd8 28. g3 Kd7 29. Kf1 Kc6 30. Ke2 e5 31. h4 h5 32. Bd2 Bb6 33. Bc3
Kd6 34. Bd2 Kc6 35. Be1 Kd6 36. Bc3 Ke6 37. Bd2 Kd6 38. Be3 Bd4 39. Kd2 Kc5 40.
Kc2 b6 41. Kd2 Kb4 42. Kc2 e6 43. Bd2+ Ka3 44. Bc1+ Kb4 45. Be3 Kc5 46. Kb1 Kb4
47. Kc2 1/2-1/2

[Event "XI MFSz PERLA BALTYKU"]
[Site "Lazy"]
[Date "2015.07.02"]
[Round "5.7"]
[White "Nowicki, Bartosz"]
[Black "Lewicki, Miroslaw"]
[Result "1/2-1/2"]
[WhiteElo "2018"]
[BlackElo "2224"]
[PlyCount "145"]
[EventDate "2015.??.??"]

1. e4 c5 2. Nf3 d6 3. d4 cxd4 4. Nxd4 Nf6 5. Nc3 Nc6 6. Bg5 e6 7. Qd2 h6 8. Be3
Ng4 9. Nxc6 bxc6 10. Bf4 e5 11. Bg3 Qb6 12. Na4 Qc7 13. Bc4 Nf6 14. Nc3 Be7 15.
O-O Nh5 16. Qe2 Nxg3 17. hxg3 O-O 18. b4 Bb7 19. Rfd1 Rac8 20. Rab1 Kh8 21. Qh5
Bg5 22. Rd3 d5 23. Bb3 d4 24. Na4 Ba6 25. Rdd1 Rb8 26. a3 Bc8 27. c3 f5 28.
cxd4 exd4 29. f4 Be7 30. Rxd4 c5 31. Rc4 Be6 32. Rc3 Bxb3 33. Rbxb3 c4 34. Rb1
Qc6 35. Qd1 Qxe4 36. Qc2 Qd4+ 37. Kh2 Qd5 38. Rxc4 Qf7 39. Nc5 Rbd8 40. Nd3 Bf6
41. Ne5 Bxe5 42. fxe5 Qh5+ 43. Kg1 Qg5 44. Qf2 Rd3 45. Re1 Rxg3 46. e6 Rxa3 47.
Rf4 Rg3 48. Rd4 f4 49. e7 Re8 50. Rxf4 Rxg2+ 51. Qxg2 Qxf4 52. Qg6 Qd4+ 53. Kg2
Qd5+ 54. Kg1 Qg5+ 55. Qxg5 hxg5 56. Re5 Kg8 57. Rxg5 Rxe7 58. Rb5 Kf7 59. Rb8
Kf6 60. b5 Kf5 61. b6 axb6 62. Rxb6 Re2 63. Rb3 g5 64. Ra3 Kf4 65. Rb3 Kg4 66.
Ra3 Re4 67. Kg2 Kh4 68. Rh3+ Kg4 69. Ra3 Rb4 70. Rc3 Rb2+ 71. Kg1 Kf4 72. Ra3
g4 73. Rc3 1/2-1/2

[Event "XI MFSz PERLA BALTYKU"]
[Site "Lazy"]
[Date "2015.07.02"]
[Round "5.8"]
[White "Sliwicki, Damian"]
[Black "Mulet, Piotr"]
[Result "1-0"]
[WhiteElo "2100"]
[BlackElo "2220"]
[PlyCount "89"]
[EventDate "2015.??.??"]

1. e4 e6 2. d4 d5 3. exd5 exd5 4. Nf3 Bd6 5. c4 Nf6 6. Nc3 O-O 7. cxd5 Bb4 8.
Be2 Nxd5 9. Bd2 Nc6 10. O-O h6 11. Rc1 Be6 12. Ne4 Qe7 13. a3 Bxd2 14. Qxd2
Rad8 15. Rfe1 Nb8 16. Ne5 b6 17. Bd3 Rc8 18. Bb1 Qh4 19. Ng3 Qg5 20. Qd3 f5 21.
h4 Qd8 22. Ng6 Rf6 23. Rxe6 Rxe6 24. Qxf5 Rf6 25. Qxd5+ Qxd5 26. Ne7+ Kh8 27.
Nxd5 Rd6 28. Ne7 Rcd8 29. Ng6+ Kg8 30. Nf5 R6d7 31. Nfe7+ Kf7 32. Re1 Rd6 33.
Ba2+ Ke8 34. Nf5+ Kd7 35. Nxd6 Kxd6 36. Re6+ Kd7 37. Re7+ Kc8 38. Be6+ Kb7 39.
d5 a5 40. Rxg7 Na6 41. f4 Nc5 42. f5 Ne4 43. Ne5 b5 44. Nd7 b4 45. f6 1-0

[Event "XI MFSz PERLA BALTYKU"]
[Site "Lazy"]
[Date "2015.07.02"]
[Round "5.9"]
[White "Chylewski, Patryk"]
[Black "Mazalon, Mariusz"]
[Result "1-0"]
[WhiteElo "2131"]
[BlackElo "2058"]
[PlyCount "47"]
[EventDate "2015.??.??"]

1. e4 g6 2. d4 Bg7 3. Nc3 c6 4. f4 d5 5. e5 Nh6 6. Nf3 O-O 7. Be3 f6 8. Qd2 b5
9. h3 Bf5 10. Bd3 Nd7 11. g4 Bxd3 12. cxd3 Nb6 13. O-O-O Nf7 14. h4 h6 15. g5
fxe5 16. gxh6 Nxh6 17. Nxe5 c5 18. h5 cxd4 19. Bxd4 Nd7 20. Nc6 Qe8 21. Bxg7
Kxg7 22. Rdg1 Rf6 23. Ne5 Rc8 24. Kb1 1-0